Trig Functions - Exact Values - Statistics

General Stats
  • This quiz has been taken 632 times
  • The average score is 7 of 18
Answer Stats
Hint Answer % Correct
sin(0) 0
96%
sin(30) 1/2
85%
cos(0) 1
46%
tan(0) 0
42%
sin(90) 1
41%
cos(90) 0
37%
cos(60) 1/2
33%
tan(45) 1
32%
sin(60) sqrt(3)/2
31%
cos(30) sqrt(3)/2
31%
sin(45) 1/sqrt(2)
30%
tan(60) sqrt(3)
26%
tan(90) undefined
26%
cos(45) 1/sqrt(2)
24%
tan(30) 1/sqrt(3)
24%
sin(45) sqrt(2)/2
24%
cos(45) sqrt(2)/2
23%
tan(30) sqrt(3)/3
20%
No matching quizzes found
Score Distribution
Percent of People with Each Score
Percentile by Number Answered
Your Score History
You have not taken this quiz